Digitalizace a automatizace co přinese rok 2023 pro pojišťovny

Rok 2022 sa niesol v znamení zavedenia či zmien rady kľúčových predpisov s dopadmi na digitalizáciu a automatizáciu nielen poisťovní. Cieľom týchto zmien bolo najmä zníženie byrokratickej záťaže a zrýchlenie služieb pre užívateľov. Koniec rodných čísiel, reforma automatického zriaďovania dátových sc...

Ausführliche Beschreibung

Gespeichert in:
Bibliographische Detailangaben
1. Verfasser: Kovář, Dalibor
Weitere Verfasser: Smrček, Michal
Format: Buchkapitel
Sprache:Tschechisch
Schlagworte:
Tags: Tag hinzufügen
Keine Tags, Fügen Sie das erste Tag hinzu!

MARC

LEADER 00000naa a2200000 4500
001 0298907
005 20240417075301.3
041 0 |a cze 
044 |a CZ 
245 1 0 |a Digitalizace a automatizace  |b co přinese rok 2023 pro pojišťovny  |c Dalibor Kovář, Michal Smrček 
520 |a Rok 2022 sa niesol v znamení zavedenia či zmien rady kľúčových predpisov s dopadmi na digitalizáciu a automatizáciu nielen poisťovní. Cieľom týchto zmien bolo najmä zníženie byrokratickej záťaže a zrýchlenie služieb pre užívateľov. Koniec rodných čísiel, reforma automatického zriaďovania dátových schránok. Poisťovníctvo a doprava. Digitalizácia zdravotníctva. 
610 2 0 |a digitalizácia 
610 2 0 |a automatizácia 
610 2 0 |a poisťovníctvo 
610 2 0 |a poisťovne 
610 2 0 |a doprava 
610 2 0 |a zdravotníctvo 
610 2 0 |a zákony 
100 1 |a Kovář, Dalibor 
700 1 |a Smrček, Michal